000 00673nam a2200265Ia 4500
005 20260121164940.0
008 008 260114s9999 xx 000 0 eng d
020 _a9781402050053
037 _aEBOOK
040 _aCRL
040 _beng
040 _cCRL
041 _2eng
041 _aeng
084 _qCRL
100 _aEdwin F. George, Michael A. Hall, Geert-Jan De Klerk
_91045663
245 0 _aPlant Propagation by Tissue Culture
260 _bSpringer
260 _bSpringer
260 _c2008
856 _uhttps://link.springer.com/openurl?genre=book&isbn=978-1-4020-5005-3
942 _cEBOOK
999 _c1611386
_d1611386